| 000 | 00548nam a22001937a 4500 | ||
|---|---|---|---|
| 003 | OSt | ||
| 005 | 20140310182020.0 | ||
| 008 | 130731t xxu||||| |||| 00| 0 eng d | ||
| 020 | _a0195853350 | ||
| 050 |
_aPR 4621 _b.D754 1993 |
||
| 082 |
_aKF _bD770 #3 1993 |
||
| 100 |
_aDoyle, Arthur Conan _93560 |
||
| 245 |
_aFurther adventures of sherlock homes / _cArthur Conan Doyle. |
||
| 260 |
_aHong Kong : _bOxford University Press, _cc1993. |
||
| 300 |
_a89 p. : _bill. ; _c20 cm. |
||
| 541 | _j1 | ||
| 562 | _e1 | ||
| 942 |
_2lcc _cBK-KF _kKF |
||
| 999 |
_c8324 _d8324 |
||